[Event "Niedersachsen-ch op"]
[Site "Verden"]
[Date "2016.01.04"]
[Round "3"]
[White "Harms, Friedjof"]
[Black "Buehrmann, Torsten"]
[Result "1-0"]
[WhiteElo "1869"]
[BlackElo "1928"]
[PlyCount "61"]
[EventDate "2016.01.03"]
[EventType "swiss"]
[EventRounds "7"]
[EventCountry "GER"]
[SourceTitle "EXT 2018"]
[Source "ChessBase"]
[SourceDate "2017.10.13"]
[SourceVersion "1"]
[SourceVersionDate "2017.10.13"]
[SourceQuality "1"]

1. e4 e6 2. d4 d5 3. Nc3 Nc6 4. e5 f6 5. exf6 Qxf6 6. Nf3 Bd6 7. Bg5 Qf7 8. Qd2 Nf6 9. Bb5 Bd7 10. Bxc6 Bxc6 11. Ne5 Bxe5 12. dxe5 Nd7 13. 0-0-0 0-0 14. Bh4 Nxe5 15. Bg3 Nc4 16. Qe2 Rae8 17. Rhe1 b5 18. b3 Na3 19. Qe3 Qf5 20. Re2 b4 21. Qc5 bxc3 22. Qxc6 Qg5+ 23. Re3 d4 24. Rxd4 Nb5 25. Rd7 Nd6 26. Qxc3 Ne4 27. Qe5 Qxe5 28. Bxe5 Nf6 29. Rxc7 Rf7 30. Rxf7 Kxf7 31. Bxf6 1-0

[Event "Goch op 26th"]
[Site "Goch"]
[Date "2015.09.04"]
[Round "3"]
[White "Bauchmueller, Franz Josef"]
[Black "Buehrmann, Torsten"]
[Result "0-1"]
[WhiteElo "1751"]
[BlackElo "1915"]
[PlyCount "128"]
[EventDate "2015.09.03"]
[EventType "swiss"]
[EventRounds "7"]
[EventCountry "GER"]
[SourceTitle "EXT 2018"]
[Source "ChessBase"]
[SourceDate "2017.10.13"]
[SourceVersion "1"]
[SourceVersionDate "2017.10.13"]
[SourceQuality "1"]

1. e4 e6 2. d4 d5 3. e5 c5 4. c3 Nc6 5. a3 Nh6 6. b4 cxd4 7. cxd4 f6 8. Bxh6 gxh6 9. Qh5+ Kd7 10. Bb5 fxe5 11. Qxe5 Rg8 12. g3 Rg5 13. Qe3 Bg7 14. f4 Rf5 15. Nf3 Qb6 16. Nc3 Kd6 17. Bxc6 bxc6 18. Na4 Qb5 19. Nc5 a5 20. Kf2 axb4 21. Rhb1 Rf7 22. Rxb4 Bxd4 23. Qxd4 Qxc5 24. Qxc5+ Kxc5 25. Ne5 Rc7 26. Rc1+ Kd6 27. a4 Ra6 28. Nd3 c5 29. Rb5 c4 30. Ne5 Rxa4 31. Rb6+ Ke7 32. Nc6+ Kf6 33. Kf3 Ra6 34. Rxa6 Bxa6 35. Nd4 Bc8 36. g4 Ra7 37. Rc3 Ra1 38. h4 Bd7 39. Kf2 Ke7 40. Nf3 Ra4 41. g5 hxg5 42. hxg5 Be8 43. Nd4 Bg6 44. Re3 Be4 45. f5 exf5 46. Nxf5+ Ke6 47. Nd4+ Ke5 48. Nc6+ Kf4 49. Rc3 Ra2+ 50. Ke1 Kxg5 51. Nd4 Kf4 52. Ne2+ Ke5 53. Rh3 Ra1+ 54. Kd2 Rh1 55. Rg3 h5 56. Rg5+ Kf6 57. Rg8 h4 58. Rh8 Kg7 59. Rh5 Rh2 60. Ke3 Rh3+ 61. Kd4 Bf3 62. Rg5+ Kf6 63. Re5 Bxe2 64. Rxe2 Rd3+ 0-1

[Event "Goch op 26th"]
[Site "Goch"]
[Date "2015.09.04"]
[Round "2"]
[White "Buehrmann, Torsten"]
[Black "Nagel, Bernhard"]
[Result "0-1"]
[WhiteElo "1915"]
[BlackElo "2192"]
[PlyCount "100"]
[EventDate "2015.09.03"]
[EventType "swiss"]
[EventRounds "7"]
[EventCountry "GER"]
[SourceTitle "EXT 2018"]
[Source "ChessBase"]
[SourceDate "2017.10.13"]
[SourceVersion "1"]
[SourceVersionDate "2017.10.13"]
[SourceQuality "1"]

1. e4 c5 2. Nf3 e6 3. g3 Nc6 4. Bg2 Qc7 5. 0-0 d6 6. d3 Nge7 7. b3 e5 8. Nc3 g6 9. Nd2 Bg7 10. Nc4 a6 11. a4 0-0 12. a5 Be6 13. Nd5 Bxd5 14. exd5 Na7 15. Bb2 Rae8 16. Qd2 Nb5 17. Rae1 f5 18. f4 exf4 19. Bxg7 Kxg7 20. Qxf4 Nc8 21. Qd2 Qd8 22. Ne3 Qf6 23. Kh1 Qc3 24. Nxf5+ gxf5 25. Qg5+ Kh8 26. Rxe8 Rxe8 27. Qxf5 Qg7 28. Be4 Nc3 29. Qh5 Re7 30. Qh3 Na7 31. Bg2 Re5 32. Qh4 Qg5 33. Qh3 Qe7 34. Qh6 Re1 35. Qf4 Rxf1+ 36. Qxf1 Nab5 37. h4 Nd4 38. Kh2 Nce2 39. Be4 Kg7 40. Qh3 h5 41. Qc8 Qf7 42. Kg2 Nxc2 43. Bf3 Ne1+ 44. Kf2 Nxf3 45. Qd8 Ned4 46. Qxd6 Ne5+ 47. Ke1 Nxd3+ 48. Kd2 Qf2+ 49. Kxd3 Qe2+ 50. Kc3 Qc2# 0-1

[Event "Lingen op 4th"]
[Site "Lingen"]
[Date "2012.07.21"]
[Round "2"]
[White "Buehrmann, Torsten"]
[Black "Loecken, Siegfried"]
[Result "1-0"]
[WhiteElo "1828"]
[BlackElo "2090"]
[PlyCount "65"]
[EventDate "2012.07.20"]
[EventType "swiss"]
[EventRounds "5"]
[EventCountry "GER"]
[SourceTitle "EXT 2013"]
[Source "ChessBase"]
[SourceDate "2012.11.22"]
[SourceVersion "1"]
[SourceVersionDate "2012.11.22"]
[SourceQuality "1"]

1. e4 Nf6 2. e5 Nd5 3. d4 d6 4. c4 Nb6 5. exd6 exd6 6. Nc3 Be7 7. Bd3 0-0 8. Nge2 Nc6 9. Be3 Bg4 10. 0-0 Nb4 11. Rc1 Qd7 12. b3 Nxd3 13. Qxd3 d5 14. c5 Bf5 15. Qd2 Nc8 16. Ng3 Bg6 17. b4 Re8 18. a4 a6 19. Qa2 c6 20. Qd2 Bh4 21. Rfe1 Ne7 22. Bg5 Bxg5 23. Qxg5 Bd3 24. Re3 h6 25. Qh5 Bc4 26. Rce1 Kf8 27. Nb1 Ng6 28. Nf5 Rxe3 29. Rxe3 Re8 30. Nd2 Rxe3 31. fxe3 Qe6 32. Kf2 Nf4 33. exf4 1-0

[Event "Pinneberg-ch"]
[Site "Pinneberg"]
[Date "2011.09.15"]
[Round "5"]
[White "Buehrmann, Torsten"]
[Black "Hotze, Kurt"]
[Result "1-0"]
[WhiteElo "1810"]
[BlackElo "1627"]
[PlyCount "45"]
[EventDate "2011.08.18"]
[EventType "swiss"]
[EventRounds "7"]
[EventCountry "GER"]
[SourceTitle "CBM 144 Extra"]
[Source "ChessBase"]
[SourceDate "2011.10.28"]
[SourceVersion "1"]
[SourceVersionDate "2011.10.28"]
[SourceQuality "1"]

1. e4 e5 2. Bc4 d6 3. Nf3 Be7 4. c3 Nf6 5. d3 0-0 6. Nbd2 c6 7. Bb3 Qc7 8. 0-0 Bg4 9. h3 Be6 10. Bc2 h6 11. Re1 c5 12. Nf1 Nh7 13. Ng3 Nd7 14. Be3 Qd8 15. d4 cxd4 16. cxd4 exd4 17. Nxd4 Ne5 18. Nxe6 fxe6 19. Bb3 Qd7 20. f4 Bh4 21. fxe5 Bxg3 22. Qg4 Qb5 23. Qxg3 1-0

[Event "Pinneberg-ch"]
[Site "Pinneberg"]
[Date "2011.08.25"]
[Round "2"]
[White "Van Riesen, Klaus"]
[Black "Buehrmann, Torsten"]
[Result "1-0"]
[WhiteElo "2071"]
[BlackElo "1810"]
[PlyCount "65"]
[EventDate "2011.08.18"]
[EventType "swiss"]
[EventRounds "7"]
[EventCountry "GER"]
[SourceTitle "CBM 144 Extra"]
[Source "ChessBase"]
[SourceDate "2011.10.28"]
[SourceVersion "1"]
[SourceVersionDate "2011.10.28"]
[SourceQuality "1"]

1. e4 e6 2. d4 d5 3. Nd2 Nc6 4. Ngf3 Nf6 5. e5 Nd7 6. Bd3 f6 7. exf6 Qxf6 8. 0-0 Bd6 9. c4 0-0 10. a3 Nxd4 11. Nxd4 Qxd4 12. Nf3 Qf6 13. Bg5 Qf7 14. Qc2 Qh5 15. h4 h6 16. Be3 Nf6 17. c5 Be7 18. Bf4 c6 19. Bg3 Nd7 20. b4 a5 21. Rad1 Rf6 22. Rfe1 axb4 23. axb4 Kh8 24. Ra1 Rxa1 25. Rxa1 Qg4 26. Ra8 Rf8 27. Qd2 Bf6 28. Qe1 Kg8 29. Nh2 Qh5 30. Qxe6+ Qf7 31. Qf5 g5 32. Ng4 Qg7 33. Nxf6+ 1-0

[Event "Pinneberg-ch"]
[Site "Pinneberg"]
[Date "2010.09.02"]
[Round "2"]
[White "Schmidt, Roland"]
[Black "Buehrmann, Torsten"]
[Result "0-1"]
[WhiteElo "1735"]
[BlackElo "1783"]
[PlyCount "96"]
[EventDate "2010.08.26"]
[EventType "swiss"]
[EventRounds "7"]
[EventCountry "GER"]
[SourceTitle "EXT 2011"]
[Source "ChessBase"]
[SourceDate "2010.11.26"]
[SourceVersion "1"]
[SourceVersionDate "2010.11.26"]
[SourceQuality "1"]

1. e4 e6 2. d4 d5 3. Nd2 Nc6 4. c3 e5 5. exd5 Qxd5 6. Nb3 exd4 7. Nxd4 Nxd4 8. Qxd4 Qxd4 9. cxd4 Bb4+ 10. Bd2 Bxd2+ 11. Kxd2 Be6 12. Nf3 0-0-0 13. Kc3 Nf6 14. Bd3 Nd5+ 15. Kd2 Nf4 16. Rhg1 f6 17. Rae1 a6 18. b3 g6 19. Re3 Rhe8 20. Bc4 Bg4 21. Kc3 b5 22. Rxe8 Rxe8 23. Bd3 Ne2+ 24. Bxe2 Rxe2 25. a4 bxa4 26. bxa4 Rxf2 27. Nd2 Re2 28. Nb3 Re3+ 29. Kb4 Re6 30. h3 Rb6+ 31. Kc3 Bd7 32. Nc5 a5 33. Re1 Kd8 34. h4 Bf5 35. Re3 h5 36. g3 Rb4 37. Re1 Bd7 38. Re3 Bxa4 39. Re6 Bd7 40. Rxf6 Rb6 41. Rf8+ Ke7 42. Ra8 Rf6 43. Rxa5 Rf3+ 44. Kb4 Rxg3 45. Ra7 Rg4 46. Kc3 Kd6 47. Ra6+ c6 48. Ra7 Bf5 0-1

[Event "Niedersachsen-ch U18"]
[Site "Rotenburg"]
[Date "2009.04.07"]
[Round "6"]
[White "Kuberczyk, Christoph"]
[Black "Buehrmann, Torsten"]
[Result "1-0"]
[WhiteElo "1900"]
[BlackElo "1715"]
[PlyCount "47"]
[EventDate "2009.04.04"]
[EventType "swiss"]
[EventRounds "9"]
[EventCountry "GER"]
[SourceTitle "EXT 2010"]
[Source "ChessBase"]
[SourceDate "2010.11.25"]
[SourceVersion "1"]
[SourceVersionDate "2010.11.25"]
[SourceQuality "1"]

1. c4 e6 2. Nf3 d5 3. d4 c6 4. Nc3 Nf6 5. Bg5 Nbd7 6. e3 Bd6 7. Bd3 h6 8. Bh4 g5 9. Bg3 Bxg3 10. hxg3 Ng4 11. e4 dxe4 12. Nxe4 Qa5+ 13. Nfd2 Ngf6 14. 0-0 Qc7 15. Qf3 Ke7 16. Rfe1 g4 17. Qe2 b6 18. Rac1 Qd8 19. c5 h5 20. Nd6 Ne8 21. Nxf7 Kxf7 22. Qxe6+ Kg7 23. Qg6+ Kf8 24. Bc4 1-0

[Event "Niedersachsen-ch U18"]
[Site "Rotenburg"]
[Date "2009.04.05"]
[Round "2"]
[White "Kickert, Germaine Helene"]
[Black "Buehrmann, Torsten"]
[Result "0-1"]
[WhiteElo "1933"]
[BlackElo "1715"]
[PlyCount "70"]
[EventDate "2009.04.04"]
[EventType "swiss"]
[EventRounds "9"]
[EventCountry "GER"]
[SourceTitle "EXT 2010"]
[Source "ChessBase"]
[SourceDate "2010.11.25"]
[SourceVersion "1"]
[SourceVersionDate "2010.11.25"]
[SourceQuality "1"]

1. e4 e6 2. d4 d5 3. Nc3 Nf6 4. e5 Nfd7 5. f4 c5 6. Nf3 Nc6 7. Be3 a6 8. dxc5 Bxc5 9. Qd2 b5 10. 0-0-0 Qb6 11. Bxc5 Nxc5 12. Bd3 b4 13. Ne2 a5 14. Ned4 Nxd4 15. Nxd4 Ba6 16. Bxa6 Rxa6 17. Qe2 0-0 18. Qg4 Ne4 19. Rhf1 f5 20. exf6 Nxf6 21. Qg5 a4 22. Rf3 b3 23. axb3 axb3 24. Nxb3 Ne4 25. Qe5 Rfa8 26. Kb1 Nd2+ 27. Kc1 Nxf3 28. gxf3 Qf2 29. Kb1 Qxf3 30. Rg1 g6 31. h4 Qe4 32. Qf6 Qf5 33. Qd4 Ra4 34. Rg5 Rxd4 35. Rxf5 Rd1+ 0-1

[Event "Niedersachsen-ch op"]
[Site "Verden"]
[Date "2009.01.03"]
[Round "2"]
[White "Buehrmann, Torsten"]
[Black "Fink, Leander"]
[Result "1/2-1/2"]
[WhiteElo "1682"]
[BlackElo "2126"]
[PlyCount "97"]
[EventDate "2009.01.03"]
[EventType "swiss"]
[EventRounds "7"]
[EventCountry "GER"]
[SourceTitle "EXT 2012"]
[Source "ChessBase"]
[SourceDate "2011.11.24"]
[SourceVersion "1"]
[SourceVersionDate "2011.11.24"]
[SourceQuality "1"]

1. e4 c5 2. Nf3 Nc6 3. d4 cxd4 4. Nxd4 e5 5. Nb5 d6 6. N1c3 a6 7. Na3 b5 8. Nd5 Nf6 9. Bg5 Be7 10. Bxf6 Bxf6 11. c4 b4 12. Nc2 Rb8 13. b3 0-0 14. g3 Bg5 15. h4 Bh6 16. g4 Bf4 17. Qf3 a5 18. Be2 Bb7 19. Nxf4 exf4 20. Qxf4 Ne5 21. f3 Ng6 22. Qg5 f6 23. Qd2 Qe7 24. h5 Ne5 25. Ne3 Rfd8 26. Nd5 Qe6 27. Qf4 a4 28. h6 axb3 29. axb3 Ra8 30. Rxa8 Rxa8 31. 0-0 Ng6 32. Qf5 Bxd5 33. Qxd5 Qxd5 34. cxd5 Nf4 35. Bb5 Ra3 36. Bc4 Ra2 37. hxg7 Kxg7 38. Rc1 Rb2 39. Ra1 Kg6 40. Ra6 Kg5 41. Rxd6 Nh3+ 42. Kf1 Kf4 43. Ke1 Ke3 44. Kd1 Nf2+ 45. Kc1 Rd2 46. Rxf6 Rd1+ 47. Kc2 Rd2+ 48. Kc1 Rd1+ 49. Kc2 1/2-1/2

[Event "Niedersachsen-ch U18"]
[Site "Rotenburg"]
[Date "2008.03.19"]
[Round "7"]
[White "Borrink, Joern"]
[Black "Buehrmann, Torsten"]
[Result "1-0"]
[WhiteElo "2050"]
[BlackElo "1535"]
[PlyCount "117"]
[EventDate "2008.03.15"]
[EventType "swiss"]
[EventRounds "9"]
[EventCountry "GER"]
[SourceTitle "EXT 2009"]
[Source "ChessBase"]
[SourceDate "2008.11.26"]
[SourceVersion "1"]
[SourceVersionDate "2008.11.26"]
[SourceQuality "1"]

1. e4 e6 2. d4 d5 3. e5 c5 4. c3 Nc6 5. Nf3 Nh6 6. Be2 f6 7. 0-0 Nf7 8. Re1 fxe5 9. Nxe5 Ncxe5 10. dxe5 Nxe5 11. f4 Nc6 12. f5 Be7 13. Bh5+ g6 14. fxg6 hxg6 15. Bxg6+ Kd7 16. Bf7 Kc7 17. Na3 a6 18. g3 Bd6 19. Bxe6 Rxh2 20. Qf3 Rh7 21. Bxd5 Rg7 22. Bf4 Bxf4 23. Qxf4+ Qd6 24. Qxd6+ Kxd6 25. Nc4+ Kc7 26. Kg2 Ne7 27. Ne3 Bd7 28. c4 Rh8 29. Rh1 Re8 30. Rae1 b5 31. b3 Nxd5 32. Nxd5+ Kb7 33. Rxe8 Bxe8 34. Re1 Bc6 35. Kf3 Kc8 36. g4 Kd7 37. Rd1 Ke6 38. Kg3 Ke5 39. Re1+ Kd4 40. Rd1+ Ke4 41. Nf6+ Ke5 42. Nh5 Rg8 43. Re1+ Kd6 44. Nf6 Rg6 45. Ne4+ Bxe4 46. Rxe4 Kc6 47. Re2 Rd6 48. Rc2 Rd1 49. Kf4 Rg1 50. Kf5 Rf1+ 51. Kg6 Rg1 52. g5 bxc4 53. Rxc4 Rg2 54. Ra4 Kb5 55. Kf6 c4 56. Rxc4 Rxa2 57. g6 Rb2 58. Rc3 Rg2 59. Rf3 1-0

[Event "Niedersachsen-ch U16"]
[Site "Rotenburg/Wuemme"]
[Date "2007.04.06"]
[Round "9"]
[White "Bohn, Dennis"]
[Black "Buehrmann, Torsten"]
[Result "0-1"]
[WhiteElo "1352"]
[BlackElo "1482"]
[PlyCount "78"]
[EventDate "2007.03.31"]
[EventType "swiss"]
[EventRounds "9"]
[EventCountry "GER"]
[SourceTitle "EXT 2008"]
[Source "ChessBase"]
[SourceDate "2007.11.25"]
[SourceVersion "1"]
[SourceVersionDate "2007.11.25"]
[SourceQuality "1"]

1. e4 e6 2. d4 d5 3. exd5 exd5 4. Bd3 Bd6 5. c3 Nf6 6. Be3 0-0 7. Nd2 Re8 8. Qc2 c5 9. 0-0-0 c4 10. Be2 b5 11. h4 a5 12. Nh3 b4 13. Nb1 Ne4 14. Ng5 Bf5 15. g4 Bg6 16. Qa4 Nxg5 17. Bxg5 Qd7 18. Qxd7 Nxd7 19. Rhe1 h6 20. Bd2 Nb6 21. Bf3 Re7 22. Rxe7 Bxe7 23. Re1 Bxh4 24. Re5 Rd8 25. Be1 Bf6 26. Re2 Bd3 27. Rd2 Bg5 28. Bg2 Re8 29. Kd1 Bxb1 30. Re2 Rxe2 31. Kxe2 Bxa2 32. f3 b3 33. Kd1 Bb1 34. Bd2 Bxd2 35. Kxd2 Bd3 36. f4 f5 37. Bh3 fxg4 38. Bxg4 Kf7 39. Ke3 Be4 0-1

[Event "Niedersachsen-ch U16"]
[Site "Rotenburg/Wuemme"]
[Date "2007.03.31"]
[Round "1"]
[White "Buehrmann, Torsten"]
[Black "Stuehmeier, Chris"]
[Result "0-1"]
[WhiteElo "1482"]
[BlackElo "1893"]
[PlyCount "68"]
[EventDate "2007.03.31"]
[EventType "swiss"]
[EventRounds "9"]
[EventCountry "GER"]
[SourceTitle "EXT 2008"]
[Source "ChessBase"]
[SourceDate "2007.11.25"]
[SourceVersion "1"]
[SourceVersionDate "2007.11.25"]
[SourceQuality "1"]

1. e4 c5 2. Nf3 d6 3. d4 cxd4 4. Nxd4 Nf6 5. Nc3 a6 6. Be3 e6 7. Bd3 Be7 8. 0-0 0-0 9. f4 Qc7 10. Nce2 Nc6 11. c3 Ng4 12. Bd2 e5 13. Nf5 Bxf5 14. exf5 Qb6+ 15. Kh1 Nf2+ 16. Rxf2 Qxf2 17. Be1 Qb6 18. Ng3 exf4 19. Nh5 Ne5 20. Bc2 Qd8 21. Nxf4 Bg5 22. Nd5 Rc8 23. Qh5 g6 24. Qh3 Rc5 25. Ne3 Bxe3 26. Qxe3 gxf5 27. Bxf5 Ng6 28. Bd3 Qg5 29. Qh3 h5 30. Bxg6 fxg6 31. Qe6+ Kg7 32. h4 Rf1+ 33. Kh2 Qe5+ 34. Qxe5+ Rxe5 0-1